00000000nam 2200000zi 4500
0019.945333
003CaOODSP
00520241120132258
006m     o  d f      
007cr mn|||||||||
008241119s2023    onca    ob   f000 0 eng d
040 |aCaOODSP|beng|erda|cCaOODSP
043 |an-cn---
0861 |aHP5-165/2023E-PDF
24500|aHealth Portfolio emergency response plan (HP ERP).
264 1|a[Ottawa] : |bHealth Canada and Public Health Agency of Canada = Santé Canada et l'Agence de la santé publique du Canada, |c2023.
300 |a1 online resource (52 pages) : |bcolour illustrations
336 |atext|btxt|2rdacontent
337 |acomputer|bc|2rdamedia
338 |aonline resource|bcr|2rdacarrier
500 |aIssued also in French under title: Plan d'intervention d'urgence du portefeuille de la Santé (PIUPS).
504 |aIncludes bibliographical references.
520 |a"The ERP outlines an operational planning framework enabling the Health Portfolio to coordinate the delivery of support capabilities to provincial, territorial, other federal departments and international partners during an emergency. The ERP is a foundational key element in the Health Portfolio's overall emergency preparedness and response program. The ERP is an "all hazards" plan that defines the framework within which the Public Health Agency of Canada (PHAC) and Health Canada (HC) will operate to ensure an appropriate response to any emergency; it is augmented by annexes addressing specific threats and hazards. …"--Executive summary, page 4.
61020|aPublic Health Agency of Canada.
61010|aCanada. |bHealth Canada.
650 0|aEmergency management|zCanada.
7102 |aPublic Health Agency of Canada, |eissuing body.
7101 |aCanada. |bHealth Canada, |eissuing body.
77508|tPlan d'intervention d'urgence du portefeuille de la Santé (PIUPS).|w(CaOODSP)9.945379
85640|qPDF|s937 KB|uhttps://publications.gc.ca/collections/collection_2024/aspc-phac/HP5-165-2023-eng.pdf
8564 |qHTML|sN/A|uhttps://www.canada.ca/en/public-health/services/publications/health-risks-safety/health-portfolio-emergency-response-plan.html